| 000 | 00418nam a22001337a 4500 | ||
|---|---|---|---|
| 020 | _a9789873720307 | ||
| 080 | _a347 (094.4) C 498 | ||
| 245 |
_aCódigo Civil y Comercial de la Nación Argentina _bTítulo preliminar y Libro Primero. Artículo 1 a 400 |
||
| 260 |
_aCiudad Autónoma de Buenos Aires _bInfojus _c2015 |
||
| 300 | _a672 p. | ||
| 650 | _xCódigo Civil y Comercial | ||
| 945 |
_asa _d2015-07-14 |
||
| 999 |
_c4105 _d234609 |
||
| 942 | _6_ | ||